=LDR 00000nam 2200000 4500 =001 INLIS000000000007573 =005 20231214102559 =035 ##$$a 0010-061300000007573 =008 231214###########################0###### =041 ##$$a Ind =082 ##$$a 150.192 =090 ##$$a 400.1, Sum b =100 ##$$a Brouwer, MAW =245 1#$$a Badan menusia dalam cahaya psikologi fenomenologis, MAW Brouwer =260 ##$$a 1986 :$b Jakarta =300 ##$$a 247 hlm., 21 cm =650 #4$$a Fenomenologis-Psikologi =850 ##$$a NBPNMAT =084 ##$$a 150.192 BRO b